Most Common Female Names - Statistics

General Stats
  • This quiz has been taken 4 times
  • The average score is 3 of 15
Answer Stats
# Answer % Correct
5 Elizabeth
100%
11 Lisa
50%
9 Margaret
50%
1 Mary
50%
4 Barbara
0%
14 Betty
0%
10 Dorothy
0%
15 Helen
0%
6 Jennifer
0%
13 Karen
0%
3 Linda
0%
7 Maria
0%
12 Nancy
0%
2 Patricia
0%
8 Susan
0%
No matching quizzes found
Score Distribution
Percent of People with Each Score
Percentile by Number Answered
Your Score History
You have not taken this quiz